00499nam a22001697a 450000500170000001000150001702000110003203500140004303700090005708200230006610000190008924500710010825000060017926000540018527000690023930000210030820250624154008.0 aENG-145565 c595.00 aEN-129097 bDBAD a364.1323095421b1 aParekh, Ramnik aCzars in Gandhi Caps:bIndia- Abused and Corrupted/cRamnik Parekh a1 aMumbaibVakils, Feffer and Simon PVT. LTD. c2015 aIndustry Manor 2nd flor Marathe Marg Prabhadevi bMumbaie400025 a321p.c22cm.(pb)